A study on the impact of TS-iPASS on industrial development in Telangana (Record no. 527654)

000 -LEADER
fixed length control field 01758nam a22001577a 4500
008 - FIXED-LENGTH DATA ELEMENTS--GENERAL INFORMATION
fixed length control field 240913b ||||| |||| 00| 0 eng d
100 ## - MAIN ENTRY--PERSONAL NAME
Personal name Mahendra, M.V.S. and Ghosh,Seema
245 ## - TITLE STATEMENT
Title A study on the impact of TS-iPASS on industrial development in Telangana
260 ## - PUBLICATION, DISTRIBUTION, ETC. (IMPRINT)
Place of publication, distribution, etc Bihar Journal of Public Administration
300 ## - PHYSICAL DESCRIPTION
Extent 21(1), Jan-Jun, 2024: p.108-116
520 ## - SUMMARY, ETC.
Summary, etc Telangana is one of the youngest states in India formed in the year 2014. Over the past ten years it has shown a phenomenal growth in education, health care, industrial sector. The main objective of the present study is to study the impact of TS-iPASS on industrial development, i.e. Industrial growth, employment & investments. Descriptive statistics & graphs have been used to anlayse the data for the present study. The study results show that TS-iPASS has made a significant role in the industrial growth rate from 6.9% to 15.6%. The study further identifies that the total employment generated through TS-iPASS shows a diverse trend with a significant increase in employment from 2014-15 to 2018-19. The Telangana Government has shown a consistent and sustained growth trend in per capita income since its formation. The food processing and agro based sector showed consistent increase in approved units by TS-iPASS reflecting growth emphasis on adding value to agricultural products. Thus TS-iPASS has a positive impact on the industrial development in Telangana. – Reproduced

http://www.iipabiharbranch.org/upload/BJPA_Vol.%20XXI%20No.%201%20Jan-June.%202024.pdf
650 ## - SUBJECT ADDED ENTRY--TOPICAL TERM
Topical term or geographic name as entry element TS-iPASS, Employment, Investments, Industrial growth, Telangana.
9 (RLIN) 47613
773 ## - HOST ITEM ENTRY
Main entry heading Bihar Journal of Public Administration
906 ## - LOCAL DATA ELEMENT F, LDF (RLIN)
Subject DIP INDUSTRIAL DEVELOPMENT
942 ## - ADDED ENTRY ELEMENTS (KOHA)
Item type Articles
Holdings
Withdrawn status Lost status Source of classification or shelving scheme Damaged status Not for loan Permanent location Current location Date acquired Serial Enumeration / chronology Barcode Date last seen Koha item type
          Indian Institute of Public Administration Indian Institute of Public Administration 2024-09-13 21(1), Jan-Jun, 2024: p.108-116 AR133091 2024-09-13 Articles

Powered by Koha